Music Quiz

Random Music or Album Quiz

David Bisbal Discography Quiz Stats

 Plays Quiz not verified by Sporcle

Challenge
Share
Tweet
Embed
Score 0/71 Timer 10:00
0 Plays Today
Song % Correct
Ave María
66.7%
Bulería
66.7%
Tú Y Yo
50%
Fiebre
50%
Corazón Latino
41.7%
Premonición
41.7%
Sin Mirar Atrás
41.7%
Camina y Ven
33.3%
Ángel de la Noche
33.3%
Mi Princesa
33.3%
Un Amor Que Viene y Va
25%
Por Tí
25%
Permítame Señora
25%
Oye El Boom
25%
Esta Ausencia
25%
Como Olvidar
25%
Me Derrumbo (Crumbling)
25%
Se Acaba
25%
Desnúdate Mujer
25%
Condenado a Tu Amor
25%
Torre de Babel (Reggaeton Mix)
25%
Torre de Babel (db versión)
25%
Torre de Babel (Wisin & Yandel Remix)
25%
Esclavo de Sus Besos
25%
Diez Mil Maneras
25%
Hombre de Tu Vida (feat. Sandy)
25%
Antes Que No
25%
Lloraré las Penas
16.7%
Quiero Perderme en Tu Cuerpo
16.7%
Como Será
16.7%
Vuelvo a Tí
16.7%
Por Cuanto Tiempo
16.7%
Amores del Sur
16.7%
Silencio
16.7%
No Amanece
16.7%
Sí Pero No
16.7%
Song % Correct
Si Aún Te Quieres Quedar
16.7%
Mi Estrella de Cine
16.7%
Culpable
16.7%
Burbuja
16.7%
Lo Que Vendrá (feat. Antonio Orozco)
16.7%
Olvidé Respirar (feat. India Martinez)
16.7%
Lo Que Vivimos
16.7%
Fuiste Mía
8.3%
Quien Me Iba a Decir
8.3%
Como La Primera Vez
8.3%
Amar Es Lo Que Quiero
8.3%
Soldado De Papel
8.3%
Cuidar Nuestro Amor (I'll Never Let Go)
8.3%
Calentando Voy (I'm Just Warming Up)
8.3%
Que Tendrás
8.3%
Amanecer Sin Ti
8.3%
Aquí y Ahora
8.3%
Dame Tu Amor
8.3%
Besos de Tu Boca
8.3%
Si Falta el Aire
8.3%
Sueños Rotos
8.3%
Al Andalus
8.3%
Antes o Después
8.3%
Vida, Qué Locura
8.3%
Stop Loving You
0%
24 Horas
0%
Juro Que Te Amo
0%
Lo Tenga o No
0%
Camino a La Verdad
0%
Duele Demasiado
0%
Hijos del Mar
0%
Yo Te Enseñaré a Olvidar
0%
Mi Norte Es Tu Sur
0%
Fue Nuestro Amor
0%
Una Palabra
0%

You're not logged in!

Compare scores with friends on all Sporcle quizzes.
Join for Free
OR
Log In

You Might Also Like...

Show Comments

Extras

Top Quizzes Today


Score Distribution

Your Account Isn't Verified!

In order to create a playlist on Sporcle, you need to verify the email address you used during registration. Go to your Sporcle Settings to finish the process.

Report this User

Report this user for behavior that violates our Community Guidelines.

Details: